Normal view
MARC view
- Advisor Dr. Arslan Shaukat Co Advisor Dr. Wasi Haider Butt
Entry Personal Name
001 - CONTROL NUMBER
- control field: 69461
003 - CONTROL NUMBER IDENTIFIER
- control field: NUST
005 - DATE AND TIME OF LATEST TRANSACTION
- control field: 20210628204231.0
008 - FIXED-LENGTH DATA ELEMENTS
- fixed length control field: 210628|| aca||aabn | a|a d
040 ## - CATALOGING SOURCE
- Original cataloging agency: NUST
- Transcribing agency: NUST
100 ## - HEADING--PERSONAL NAME
- Personal name: Advisor Dr. Arslan Shaukat Co Advisor Dr. Wasi Haider Butt
670 ## - SOURCE DATA FOUND
- Source citation: Work cat.: (NUST): Nayab Irfan 69460, TH-SOF-1565-Compiling and Classification of Next Generation Wireless Mobile Networks 5G & Massive MIMO Researched Data, 2018
